00423nam a2200121Ia 4500008004100000020001800041041001200059082002200071100005500093245010700148260003300255300001300288240404s9999 xx 000 0 und d a9781484267275 aEnglish a005.8  CHE;1  R aCheruvu, Sunil. Anil Kumar. Smith, Ned ...[et al.] 0aDemystifying internet of things security : successful IoT device/edge and platform security deployment c2020bApress MediaaNew York axxx, 488